[Event "Tula Kotov Memorial"]
[Site "Tula"]
[Date "2007.07.06"]
[Round "10"]
[White "Zakharevich, Igor"]
[Black "Arzumanian, Georgy"]
[Result "1/2-1/2"]
[WhiteElo "2463"]
[BlackElo "2487"]
[PlyCount "46"]
[EventDate "2007.06.30"]
[EventType "tourn"]
[EventRounds "13"]
[EventCountry "RUS"]
[EventCategory "9"]
[SourceTitle "CBM 119 Extra"]
[Source "ChessBase"]
[SourceDate "2007.09.04"]
[SourceVersion "1"]
[SourceVersionDate "2007.09.04"]
[SourceQuality "1"]

1. d4 d5 2. Nf3 e6 3. c4 c6 4. e3 Nf6 5. Nbd2 Nbd7 6. Bd3 Bd6 7. 0-0 0-0 8. e4 e5 9. cxd5 cxd5 10. exd5 exd4 11. Ne4 Nxe4 12. Bxe4 Nf6 13. Qxd4 Nxe4 14. Qxe4 Re8 15. Qd4 Bf5 16. Bg5 f6 17. Bh4 Re4 18. Qd2 Qb6 19. Bg3 Rd8 20. Bxd6 Qxd6 21. Rad1 Bg4 22. Qd3 Rf4 23. Qe3 Ra4 1/2-1/2

[Event "Tula Kotov Memorial"]
[Site "Tula"]
[Date "2007.07.04"]
[Round "7"]
[White "Saulin, Dmitri"]
[Black "Zakharevich, Igor"]
[Result "1/2-1/2"]
[WhiteElo "2400"]
[BlackElo "2463"]
[PlyCount "38"]
[EventDate "2007.06.30"]
[EventType "tourn"]
[EventRounds "13"]
[EventCountry "RUS"]
[EventCategory "9"]
[SourceTitle "CBM 119 Extra"]
[Source "ChessBase"]
[SourceDate "2007.09.04"]
[SourceVersion "1"]
[SourceVersionDate "2007.09.04"]
[SourceQuality "1"]

1. e4 g6 2. d4 Bg7 3. Nf3 d6 4. Nc3 c6 5. Be3 Nd7 6. Qd2 b5 7. Bd3 Qc7 8. 0-0 Ngf6 9. Bh6 0-0 10. Ne2 c5 11. c3 Bb7 12. Ng3 Bxh6 13. Qxh6 Qb6 14. Rfd1 a5 15. Ng5 cxd4 16. cxd4 e5 17. Rd2 Rfe8 18. Rad1 Rac8 19. Bc2 d5 1/2-1/2

[Event "Tula Kotov Memorial"]
[Site "Tula"]
[Date "2007.07.03"]
[Round "5"]
[White "Simantsev, Mikhail"]
[Black "Zakharevich, Igor"]
[Result "1/2-1/2"]
[WhiteElo "2430"]
[BlackElo "2463"]
[PlyCount "30"]
[EventDate "2007.06.30"]
[EventType "tourn"]
[EventRounds "13"]
[EventCountry "RUS"]
[EventCategory "9"]
[SourceTitle "CBM 119 Extra"]
[Source "ChessBase"]
[SourceDate "2007.09.04"]
[SourceVersion "1"]
[SourceVersionDate "2007.09.04"]
[SourceQuality "1"]

1. d4 g6 2. e4 Bg7 3. Nf3 d6 4. Nc3 Nf6 5. h3 0-0 6. Bg5 c6 7. Qd2 b5 8. Bd3 Nbd7 9. 0-0 Qc7 10. Rfe1 e5 11. dxe5 dxe5 12. a4 b4 13. Nd1 Rb8 14. b3 Nc5 15. Nb2 Ne6 1/2-1/2

[Event "Tula Kotov Memorial"]
[Site "Tula"]
[Date "2007.07.03"]
[Round "6"]
[White "Zakharevich, Igor"]
[Black "Yagupov, Igor"]
[Result "1/2-1/2"]
[WhiteElo "2463"]
[BlackElo "2494"]
[PlyCount "46"]
[EventDate "2007.06.30"]
[EventType "tourn"]
[EventRounds "13"]
[EventCountry "RUS"]
[EventCategory "9"]
[SourceTitle "CBM 119 Extra"]
[Source "ChessBase"]
[SourceDate "2007.09.04"]
[SourceVersion "1"]
[SourceVersionDate "2007.09.04"]
[SourceQuality "1"]

1. d4 d5 2. Nf3 Nf6 3. c4 c6 4. Nc3 e6 5. Bg5 h6 6. Bxf6 Qxf6 7. e3 Nd7 8. Bd3 dxc4 9. Bxc4 g6 10. 0-0 Bg7 11. Rc1 0-0 12. e4 e5 13. d5 Nb6 14. dxc6 bxc6 15. Be2 Rd8 16. Qc2 Bg4 17. Nd1 Be6 18. Ne3 Rac8 19. b3 Qe7 20. Rfd1 Qa3 21. h3 Bf6 22. Ng4 Bxg4 23. hxg4 Kg7 1/2-1/2

[Event "Tula Kotov Memorial"]
[Site "Tula"]
[Date "2007.06.30"]
[Round "1"]
[White "Zakharevich, Igor"]
[Black "Bagirov, Rufat"]
[Result "1/2-1/2"]
[WhiteElo "2463"]
[BlackElo "2487"]
[PlyCount "44"]
[EventDate "2007.06.30"]
[EventType "tourn"]
[EventRounds "13"]
[EventCountry "RUS"]
[EventCategory "9"]
[SourceTitle "CBM 119 Extra"]
[Source "ChessBase"]
[SourceDate "2007.09.04"]
[SourceVersion "1"]
[SourceVersionDate "2007.09.04"]
[SourceQuality "1"]

1. d4 Nf6 2. c4 d6 3. Nc3 g6 4. e4 Bg7 5. Nf3 0-0 6. Be2 e5 7. dxe5 dxe5 8. Qxd8 Rxd8 9. Bg5 Re8 10. Nd5 Nxd5 11. cxd5 c6 12. Bc4 cxd5 13. Bxd5 Nc6 14. Bxc6 bxc6 15. 0-0 Be6 16. Rfc1 Reb8 17. b3 a5 18. Rxc6 a4 19. bxa4 Rxa4 20. Nd2 Rxa2 21. Rxa2 Bxa2 22. Ra6 Bc4 1/2-1/2

[Event "RUS-chT2"]
[Site "Sochi"]
[Date "2007.05.06"]
[Round "4"]
[White "Zakharevich, Igor"]
[Black "Andreikin, Dmitry"]
[Result "0-1"]
[WhiteElo "2463"]
[BlackElo "2532"]
[PlyCount "78"]
[EventDate "2007.05.03"]
[EventType "team"]
[EventRounds "9"]
[EventCountry "RUS"]
[SourceTitle "EXT 2020"]
[Source "ChessBase"]
[SourceDate "2019.10.17"]
[SourceVersion "1"]
[SourceVersionDate "2019.10.17"]
[SourceQuality "1"]
[BlackTeam "Moscow Spasio"]
[BlackTeamCountry "RUS"]

1. d4 Nf6 2. c4 d6 3. Nc3 e5 4. Nf3 Nbd7 5. e4 g6 6. Be2 Bg7 7. 0-0 0-0 8. Re1 Re8 9. Bf1 exd4 10. Nxd4 c6 11. Rb1 a5 12. f3 Nc5 13. Be3 Nfd7 14. Qd2 a4 15. b4 axb3 16. axb3 Ne6 17. Nxe6 Rxe6 18. Na4 Qc7 19. Red1 b6 20. Rbc1 Bb7 21. Bd4 Bxd4+ 22. Qxd4 c5 23. Qb2 Ne5 24. Nc3 Nc6 25. Nd5 Qd8 26. b4 Nd4 27. bxc5 dxc5 28. Rb1 Rb8 29. Rxd4 cxd4 30. Qxd4 Bc6 31. Rd1 b5 32. c5 Be8 33. f4 f6 34. g3 Kg7 35. Bh3 Rc6 36. e5 Bf7 37. Bg2 b4 38. f5 b3 39. exf6+ Rxf6 0-1

[Event "Belgorod Rector Cup 3rd"]
[Site "Belgorod"]
[Date "2007.03.09"]
[Round "8"]
[White "Kovchan, Alexander"]
[Black "Zakharevich, Igor"]
[Result "1/2-1/2"]
[WhiteElo "2509"]
[BlackElo "2463"]
[PlyCount "21"]
[EventDate "2007.03.04"]
[EventType "tourn"]
[EventRounds "9"]
[EventCountry "RUS"]
[EventCategory "7"]
[SourceTitle "EXT 2008"]
[Source "ChessBase"]
[SourceDate "2007.11.25"]
[SourceVersion "1"]
[SourceVersionDate "2007.11.25"]
[SourceQuality "1"]

1. e4 e6 2. d4 d5 3. Nc3 dxe4 4. Nxe4 Nd7 5. Nf3 Ngf6 6. Bd3 Nxe4 7. Bxe4 Nf6 8. Bd3 c5 9. dxc5 Bxc5 10. 0-0 0-0 11. Bg5 1/2-1/2

[Event "Belgorod Rector Cup 3rd"]
[Site "Belgorod"]
[Date "2007.03.07"]
[Round "5"]
[White "Zakharevich, Igor"]
[Black "Leonov, Mikhail A"]
[Result "1-0"]
[WhiteElo "2463"]
[BlackElo "2446"]
[PlyCount "63"]
[EventDate "2007.03.04"]
[EventType "tourn"]
[EventRounds "9"]
[EventCountry "RUS"]
[EventCategory "7"]
[SourceTitle "EXT 2008"]
[Source "ChessBase"]
[SourceDate "2007.11.25"]
[SourceVersion "1"]
[SourceVersionDate "2007.11.25"]
[SourceQuality "1"]

1. d4 d5 2. Nf3 Nf6 3. c4 c6 4. e3 e6 5. Nbd2 Bd6 6. Bd3 Nbd7 7. 0-0 0-0 8. e4 dxe4 9. Nxe4 Nxe4 10. Bxe4 Be7 11. Bc2 Re8 12. b3 Bf6 13. Bb2 Qc7 14. Re1 Rd8 15. Qe2 b6 16. Ne5 Nxe5 17. dxe5 Be7 18. h4 Bb7 19. Qe4 g6 20. h5 c5 21. Qg4 Kg7 22. Re3 Rd2 23. Rc1 Qd7 24. Bc3 Rd8 25. Ree1 Rd4 26. Bxd4 cxd4 27. Rcd1 Bb4 28. Re2 a5 29. Qf4 Kg8 30. Rd3 Bc5 31. Rg3 Rf8 32. Qh6 1-0

[Event "Belgorod Rector Cup 3rd"]
[Site "Belgorod"]
[Date "2007.03.06"]
[Round "3"]
[White "Zakharevich, Igor"]
[Black "Shalimov, Valery"]
[Result "1/2-1/2"]
[WhiteElo "2463"]
[BlackElo "2393"]
[PlyCount "31"]
[EventDate "2007.03.04"]
[EventType "tourn"]
[EventRounds "9"]
[EventCountry "RUS"]
[EventCategory "7"]
[SourceTitle "EXT 2008"]
[Source "ChessBase"]
[SourceDate "2007.11.25"]
[SourceVersion "1"]
[SourceVersionDate "2007.11.25"]
[SourceQuality "1"]

1. d4 d5 2. Nf3 Nf6 3. c4 c6 4. Nc3 dxc4 5. a4 Bf5 6. e3 e6 7. Bxc4 Bb4 8. 0-0 0-0 9. Qe2 Bg6 10. Ne5 Nbd7 11. Nxg6 hxg6 12. Rd1 Qa5 13. Bd2 Rad8 14. Bb3 e5 15. dxe5 Qxe5 16. Be1 1/2-1/2

[Event "Belgorod Rector Cup 3rd"]
[Site "Belgorod"]
[Date "2007.03.05"]
[Round "2"]
[White "Simantsev, Mikhail"]
[Black "Zakharevich, Igor"]
[Result "1/2-1/2"]
[WhiteElo "2430"]
[BlackElo "2463"]
[PlyCount "21"]
[EventDate "2007.03.04"]
[EventType "tourn"]
[EventRounds "9"]
[EventCountry "RUS"]
[EventCategory "7"]
[SourceTitle "EXT 2008"]
[Source "ChessBase"]
[SourceDate "2007.11.25"]
[SourceVersion "1"]
[SourceVersionDate "2007.11.25"]
[SourceQuality "1"]

1. d4 d5 2. c4 c6 3. Nc3 Nf6 4. Nf3 dxc4 5. a4 Bf5 6. e3 e6 7. Bxc4 Bb4 8. 0-0 0-0 9. Qc2 Bg6 10. Rd1 c5 11. Bb3 1/2-1/2

[Event "Minsk Inautomarket op"]
[Site "Minsk"]
[Date "2006.07.10"]
[Round "1"]
[White "Zakharevich, Igor"]
[Black "Ipatov, Alexander"]
[Result "0-1"]
[WhiteElo "2501"]
[BlackElo "2178"]
[PlyCount "54"]
[EventDate "2006.07.10"]
[EventType "swiss"]
[EventRounds "9"]
[EventCountry "BLR"]
[SourceTitle "CBM 113 Extra"]
[Source "ChessBase"]
[SourceDate "2006.09.14"]
[SourceVersion "1"]
[SourceVersionDate "2006.09.14"]
[SourceQuality "1"]

1. d4 d5 2. Nf3 Nf6 3. c4 c6 4. Nc3 dxc4 5. a4 Bf5 6. e3 e6 7. Bxc4 Nbd7 8. 0-0 Bb4 9. Qe2 Bg6 10. e4 0-0 11. Bd3 Bh5 12. e5 Nd5 13. Nxd5 cxd5 14. Qe3 h6 15. Ne1 Bg6 16. Bxg6 fxg6 17. Nd3 Qb6 18. a5 Qb5 19. Nf4 Rae8 20. Nxg6 Rf7 21. Qb3 Nb8 22. Be3 Nc6 23. a6 bxa6 24. Rfc1 Na5 25. Qa4 Nc4 26. Rc2 Nxe3 27. fxe3 Rf1+ 0-1

[Event "Voronezh op-A"]
[Site "Voronezh"]
[Date "2006.06.19"]
[Round "7"]
[White "Chuprikov, Dmitry"]
[Black "Zakharevich, Igor"]
[Result "1/2-1/2"]
[WhiteElo "2377"]
[BlackElo "2523"]
[PlyCount "44"]
[EventDate "2006.06.12"]
[EventType "swiss"]
[EventRounds "9"]
[EventCountry "RUS"]
[SourceTitle "CBM 112 Extra"]
[Source "ChessBase"]
[SourceDate "2006.07.14"]
[SourceVersion "1"]
[SourceVersionDate "2006.07.14"]
[SourceQuality "1"]

1. d4 d5 2. c4 e6 3. Nc3 Be7 4. Bf4 Nf6 5. e3 0-0 6. Nf3 Nbd7 7. Qc2 c5 8. dxc5 Qa5 9. a3 dxc4 10. Bxc4 Qxc5 11. Bd3 b6 12. Ng5 h6 13. Nge4 Qa5 14. 0-0 Ba6 15. b4 Bxd3 16. Qxd3 Qh5 17. Nxf6+ Nxf6 18. Qa6 Nd5 19. Nxd5 Qxd5 20. Rad1 Qa2 21. Ra1 Qd5 22. Rad1 Qa2 1/2-1/2

[Event "Cappelle op 22nd"]
[Site "Cappelle la Grande"]
[Date "2006.02.20"]
[Round "4"]
[White "Malakhatko, Vadim"]
[Black "Zakharevich, Igor"]
[Result "1/2-1/2"]
[WhiteElo "2556"]
[BlackElo "2500"]
[PlyCount "81"]
[EventDate "2006.02.18"]
[EventType "swiss"]
[EventRounds "10"]
[EventCountry "FRA"]
[SourceTitle "CBM 110 Extra"]
[Source "ChessBase"]
[SourceDate "2006.03.10"]
[SourceVersion "2"]
[SourceVersionDate "2006.03.10"]
[SourceQuality "1"]

1. d4 d5 2. c4 e6 3. Nc3 Be7 4. Nf3 Nf6 5. Bg5 h6 6. Bh4 0-0 7. e3 b6 8. Bd3 dxc4 9. Bxc4 Bb7 10. 0-0 Nbd7 11. Qe2 a6 12. Rfd1 b5 13. Bd3 Qe8 14. Rac1 c5 15. Bb1 Rc8 16. a3 cxd4 17. exd4 Nb6 18. Qd3 g6 19. Bg3 Nbd5 20. Nxd5 Bxd5 21. Qe3 Kh7 22. Ne5 Nh5 23. Rxc8 Qxc8 24. Rc1 Qd8 25. Qd3 f5 26. f3 Nxg3 27. hxg3 Bd6 28. Qe3 Bxe5 29. Qxe5 Rf7 30. Bd3 h5 31. Rc3 Rg7 32. Bc2 Rd7 33. Bb3 Bxb3 34. Rxb3 Rxd4 35. Qxe6 Qd6 36. Qf7+ Kh6 37. Re3 Qxg3 38. Qf8+ Kg5 39. Qe7+ Kh6 40. Qf8+ Kg5 41. Qe7+ 1/2-1/2

[Event "Moscow Aeroflot op-B"]
[Site "Moscow"]
[Date "2006.02.12"]
[Round "6"]
[White "Yegiazarian, Arsen"]
[Black "Zakharevich, Igor"]
[Result "1-0"]
[WhiteElo "2524"]
[BlackElo "2523"]
[PlyCount "119"]
[EventDate "2006.02.07"]
[EventType "swiss"]
[EventRounds "9"]
[EventCountry "RUS"]
[SourceTitle "EXT 2007"]
[Source "ChessBase"]
[SourceDate "2006.11.23"]
[SourceVersion "1"]
[SourceVersionDate "2006.11.23"]
[SourceQuality "1"]

1. e4 e6 2. d4 d5 3. Nd2 dxe4 4. Nxe4 Nd7 5. Nf3 Ngf6 6. Nxf6+ Nxf6 7. c3 c5 8. Ne5 a6 9. Bg5 Qc7 10. Bxf6 gxf6 11. Ng4 Bg7 12. Ne3 cxd4 13. Qxd4 0-0 14. Rd1 b5 15. Bd3 Bb7 16. 0-0 f5 17. Qh4 Qd8 18. Qb4 Qf6 19. a4 Rab8 20. axb5 axb5 21. Nc2 Rfd8 22. Be2 Qg5 23. Rxd8+ Rxd8 24. Ne1 Bc6 25. Bxb5 Rb8 26. Qd6 Rxb5 27. Qxc6 Rxb2 28. Nf3 Qd8 29. h3 Bf6 30. c4 Kg7 31. Rc1 Qb8 32. Qa4 e5 33. Qd1 e4 34. Nh2 Ra2 35. Nf1 Qb2 36. Qe1 f4 37. Rb1 Qe5 38. Nd2 e3 39. Nf3 Qe4 40. fxe3 Qg6 41. Qf1 fxe3 42. Kh1 Qg3 43. c5 Rf2 44. Qg1 e2 45. c6 Bd8 46. Nd4 Bc7 47. Nf3 Kf8 48. Nh2 h5 49. Ra1 Ke8 50. Re1 Kd8 51. Nf3 Kc8 52. Ra1 Bb6 53. Nd2 Qf4 54. Qe1 Kc7 55. Rb1 Qe3 56. Kh2 h4 57. Nf3 Qf4+ 58. Kh1 Rf1+ 59. Qxf1 exf1Q+ 60. Rxf1 1-0

[Event "Moscow Aeroflot op-B"]
[Site "Moscow"]
[Date "2006.02.09"]
[Round "3"]
[White "Zakharevich, Igor"]
[Black "Lanchava, Tea"]
[Result "1-0"]
[WhiteElo "2523"]
[BlackElo "2380"]
[PlyCount "75"]
[EventDate "2006.02.07"]
[EventType "swiss"]
[EventRounds "9"]
[EventCountry "RUS"]
[SourceTitle "EXT 2007"]
[Source "ChessBase"]
[SourceDate "2006.11.23"]
[SourceVersion "1"]
[SourceVersionDate "2006.11.23"]
[SourceQuality "1"]

1. d4 f5 2. g3 Nf6 3. Bg2 g6 4. Nh3 Bg7 5. Nf4 Nc6 6. d5 Ne5 7. Nc3 c6 8. e4 fxe4 9. Nxe4 0-0 10. Nxf6+ Bxf6 11. 0-0 Nf7 12. Qe2 Re8 13. c3 e5 14. dxe6 dxe6 15. Nd3 Qe7 16. Be3 e5 17. Nc5 Bg7 18. Ne4 Be6 19. Rfd1 b6 20. h4 Rad8 21. Bg5 Nxg5 22. Nxg5 Bd5 23. Ne4 Be6 24. b3 h6 25. h5 g5 26. Bf3 Bd5 27. Rd2 Rf8 28. Rad1 a5 29. c4 Be6 30. Rd6 Rxd6 31. Rxd6 b5 32. Rxc6 Rb8 33. Rxe6 Qxe6 34. Nxg5 Qe7 35. Bd5+ Kf8 36. Ne6+ Ke8 37. Qg4 Bf6 38. Ng7+ 1-0

[Event "St Petersburg Viking"]
[Site "St Petersburg"]
[Date "2005.07.15"]
[Round "9"]
[White "Smirnov, Artem"]
[Black "Zakharevich, Igor"]
[Result "1/2-1/2"]
[WhiteElo "2405"]
[BlackElo "2499"]
[PlyCount "119"]
[EventDate "2005.07.07"]
[EventType "tourn"]
[EventRounds "11"]
[EventCountry "RUS"]
[EventCategory "7"]
[SourceTitle "CBM 107 Extra"]
[Source "ChessBase"]
[SourceDate "2005.09.01"]
[SourceVersion "1"]
[SourceVersionDate "2005.09.01"]
[SourceQuality "1"]

1. d4 d5 2. c4 e6 3. Nf3 Nf6 4. g3 Bb4+ 5. Bd2 Be7 6. Bg2 dxc4 7. Qc2 Bd7 8. 0-0 Bc6 9. Qxc4 Bd5 10. Qc1 Nc6 11. Be3 Ne4 12. Rd1 0-0 13. Ne5 f5 14. f3 Ng5 15. Nc3 Nxe5 16. dxe5 c6 17. b3 Nf7 18. Bd4 Bg5 19. Qb2 Qc7 20. Bc5 f4 21. Bxf8 Rxf8 22. e4 fxe3 23. f4 Be7 24. Qe2 Nh6 25. Rac1 Qa5 26. Ne4 Nf5 27. Nd6 Nxd6 28. exd6 Bxd6 29. Bxd5 exd5 30. Qxe3 Bc7 31. Qe6+ Kh8 32. Rc2 Qb4 33. Re2 h6 34. Kg2 a5 35. Qd7 Bd6 36. Rd3 Bxf4 37. Rf3 Bd6 38. Rxf8+ Bxf8 39. Qf7 Kh7 40. Qf5+ g6 41. Qf3 Bg7 42. g4 d4 43. Qe4 Qd6 44. h4 b5 45. Qe6 Qc5 46. Qd7 h5 47. gxh5 Qxh5 48. Re7 Kh6 49. Re4 Qc5 50. Qe7 Qc2+ 51. Re2 Qf5 52. Qe4 Qh5 53. Qf4+ Kh7 54. Re7 Qc5 55. Qf7 Qc2+ 56. Kg3 Qd3+ 57. Qf3 Qb1 58. h5 Qg1+ 59. Kh3 Qg5 60. hxg6+ 1/2-1/2

[Event "St Petersburg Viking"]
[Site "St Petersburg"]
[Date "2005.07.13"]
[Round "7"]
[White "Solovjov, Sergey"]
[Black "Zakharevich, Igor"]
[Result "1/2-1/2"]
[WhiteElo "2496"]
[BlackElo "2499"]
[PlyCount "83"]
[EventDate "2005.07.07"]
[EventType "tourn"]
[EventRounds "11"]
[EventCountry "RUS"]
[EventCategory "7"]
[SourceTitle "CBM 107 Extra"]
[Source "ChessBase"]
[SourceDate "2005.09.01"]
[SourceVersion "1"]
[SourceVersionDate "2005.09.01"]
[SourceQuality "1"]

1. e4 e6 2. d4 d5 3. Nc3 dxe4 4. Nxe4 Nd7 5. Nf3 Ngf6 6. Bg5 Be7 7. Nxf6+ Bxf6 8. h4 c5 9. Qd2 cxd4 10. Nxd4 0-0 11. 0-0-0 Qb6 12. g4 e5 13. Nf5 Nc5 14. Qe3 Bxf5 15. gxf5 Rac8 16. Rg1 Rfd8 17. Rxd8+ Qxd8 18. Bc4 e4 19. Bxf6 Qxf6 20. Qg5 Qxg5+ 21. hxg5 Nd3+ 22. cxd3 exd3 23. b3 b5 24. Kd2 bxc4 25. Rc1 h5 26. gxh6 gxh6 27. bxc4 Rc5 28. Kxd3 Kf8 29. f6 Rf5 30. c5 Ke8 31. Re1+ Kd8 32. Re7 Rxf6 33. Rxa7 Rxf2 34. Kc4 h5 35. a4 h4 36. Ra8+ Kc7 37. Rh8 Kc6 38. Rxh4 f6 39. Re4 Rc2+ 40. Kb4 Rb2+ 41. Kc3 Rb1 42. Re6+ 1/2-1/2

[Event "St Petersburg Viking"]
[Site "St Petersburg"]
[Date "2005.07.12"]
[Round "6"]
[White "Zakharevich, Igor"]
[Black "Klimov, Sergey"]
[Result "1-0"]
[WhiteElo "2499"]
[BlackElo "2475"]
[PlyCount "107"]
[EventDate "2005.07.07"]
[EventType "tourn"]
[EventRounds "11"]
[EventCountry "RUS"]
[EventCategory "7"]
[SourceTitle "CBM 107 Extra"]
[Source "ChessBase"]
[SourceDate "2005.09.01"]
[SourceVersion "1"]
[SourceVersionDate "2005.09.01"]
[SourceQuality "1"]

1. d4 Nf6 2. c4 g6 3. Nc3 d5 4. cxd5 Nxd5 5. Bd2 Bg7 6. e4 Nb6 7. Be3 0-0 8. Bb5 a6 9. Be2 Nc6 10. d5 Ne5 11. Bd4 c5 12. Bxc5 Nec4 13. Qb3 Qc7 14. Bxb6 Nxb6 15. Rc1 Qf4 16. Rd1 Nd7 17. Qb4 Qd6 18. Qxd6 exd6 19. Nf3 Nc5 20. Nd4 Re8 21. f3 f5 22. exf5 Bxf5 23. Kf2 Bd3 24. Ne6 Nxe6 25. Bxd3 Nc5 26. Bc2 b5 27. Rd2 Bxc3 28. bxc3 Rac8 29. Rb1 Re7 30. Rb4 Rec7 31. a4 bxa4 32. Bxa4 a5 33. Rbd4 Ra7 34. Rb2 Nxa4 35. Rxa4 Rxc3 36. Rb6 Rc2+ 37. Kg3 Kf7 38. Rxd6 Rb2 39. h4 Rb4 40. Rxb4 axb4 41. Rb6 Ra5 42. Rb7+ Kf6 43. d6 Rd5 44. Rxh7 Rxd6 45. Rb7 Rd4 46. Rb6+ Kf5 47. Kh3 Rc4 48. g4+ Kf4 49. Rxg6 Kxf3 50. Rf6+ Ke2 51. g5 Rc1 52. Kg4 Kd3 53. Rb6 Rc4+ 54. Kh5 1-0

[Event "St Petersburg Viking"]
[Site "St Petersburg"]
[Date "2005.07.08"]
[Round "2"]
[White "Zakharevich, Igor"]
[Black "Bets, Anatolij"]
[Result "1-0"]
[WhiteElo "2499"]
[BlackElo "2377"]
[PlyCount "79"]
[EventDate "2005.07.07"]
[EventType "tourn"]
[EventRounds "11"]
[EventCountry "RUS"]
[EventCategory "7"]
[SourceTitle "CBM 107 Extra"]
[Source "ChessBase"]
[SourceDate "2005.09.01"]
[SourceVersion "1"]
[SourceVersionDate "2005.09.01"]
[SourceQuality "1"]

1. d4 Nf6 2. c4 e6 3. Nf3 d5 4. Bg5 Nbd7 5. Nc3 Bb4 6. cxd5 exd5 7. Rc1 c6 8. e3 0-0 9. Bd3 Re8 10. 0-0 Bd6 11. Qc2 Nf8 12. Rce1 Be7 13. Ne5 N6d7 14. Bxe7 Rxe7 15. f4 Nxe5 16. fxe5 Bg4 17. Ne2 Bxe2 18. Rxe2 Qb6 19. Bf5 Rae8 20. Rd2 f6 21. exf6 gxf6 22. Qd1 Rxe3 23. Qg4+ Kh8 24. Qh4 Qd8 25. Bd3 Kg7 26. Qg4+ Ng6 27. h4 Qd6 28. h5 Rg3 29. Qf5 Rg5 30. Qf3 Nf8 31. Rdf2 Nd7 32. Bf5 Nf8 33. Bh3 Re7 34. Qxf6+ Qxf6 35. Rxf6 Nd7 36. h6+ Kh8 37. Rd6 Nb6 38. Rd8+ Rg8 39. Rff8 Re1+ 40. Kf2 1-0

[Event "St Petersburg Viking"]
[Site "St Petersburg"]
[Date "2005.07.07"]
[Round "1"]
[White "Yevseev, Denis"]
[Black "Zakharevich, Igor"]
[Result "1/2-1/2"]
[WhiteElo "2537"]
[BlackElo "2499"]
[PlyCount "40"]
[EventDate "2005.07.07"]
[EventType "tourn"]
[EventRounds "11"]
[EventCountry "RUS"]
[EventCategory "7"]
[SourceTitle "CBM 107 Extra"]
[Source "ChessBase"]
[SourceDate "2005.09.01"]
[SourceVersion "1"]
[SourceVersionDate "2005.09.01"]
[SourceQuality "1"]

1. d4 d5 2. c4 e6 3. Nf3 Nf6 4. g3 dxc4 5. Bg2 Bb4+ 6. Nc3 0-0 7. 0-0 Nc6 8. Bg5 h6 9. Bxf6 Qxf6 10. Rc1 Rd8 11. e3 Qe7 12. a3 Bxc3 13. Rxc3 e5 14. Rxc4 exd4 15. exd4 Be6 16. Rc3 Qf6 17. Qc1 Bd5 18. Re1 Re8 19. Rce3 Rxe3 20. Rxe3 Nxd4 1/2-1/2

[Event "Voronezh op"]
[Site "Voronezh"]
[Date "2005.06.19"]
[Round "7"]
[White "Zakharevich, Igor"]
[Black "Smolkov, Igor"]
[Result "1-0"]
[WhiteElo "2505"]
[BlackElo "2288"]
[PlyCount "79"]
[EventDate "2005.06.12"]
[EventType "swiss"]
[EventRounds "9"]
[EventCountry "RUS"]
[SourceTitle "CBM 106 Extra"]
[Source "ChessBase"]
[SourceDate "2005.07.01"]
[SourceVersion "1"]
[SourceVersionDate "2005.07.01"]
[SourceQuality "1"]

1. d4 Nf6 2. c4 g6 3. Nc3 Bg7 4. e4 d6 5. Nf3 0-0 6. Be2 Bg4 7. Be3 Nfd7 8. Qd2 e5 9. d5 f5 10. exf5 gxf5 11. Bh6 Bxf3 12. Bxf3 Bxh6 13. Qxh6 Qf6 14. Qxf6 Nxf6 15. 0-0 Nbd7 16. b4 Kf7 17. Rac1 Rac8 18. a3 a5 19. Bd1 c5 20. dxc6 bxc6 21. Bc2 Ke6 22. Rcd1 d5 23. Rfe1 axb4 24. axb4 c5 25. bxc5 Nxc5 26. Nb5 Ne8 27. Nd4+ Kf6 28. Nxf5 Rc6 29. Ne3 h5 30. Nxd5+ Kf7 31. f4 exf4 32. Re7+ Kg8 33. Bg6 Ng7 34. Nxf4 h4 35. Bf7+ Kh7 36. Rf1 Rb8 37. Bd5 Rb2 38. Nh5 h3 39. Rxg7+ Kh6 40. Rf6+ 1-0

[Event "Voronezh op"]
[Site "Voronezh"]
[Date "2005.06.15"]
[Round "4"]
[White "Lahiri, Atanu"]
[Black "Zakharevich, Igor"]
[Result "0-1"]
[WhiteElo "2355"]
[BlackElo "2505"]
[PlyCount "72"]
[EventDate "2005.06.12"]
[EventType "swiss"]
[EventRounds "9"]
[EventCountry "RUS"]
[SourceTitle "CBM 106 Extra"]
[Source "ChessBase"]
[SourceDate "2005.07.01"]
[SourceVersion "1"]
[SourceVersionDate "2005.07.01"]
[SourceQuality "1"]

1. d4 Nf6 2. Bg5 Ne4 3. Bf4 c5 4. f3 Qa5+ 5. c3 Nf6 6. d5 e6 7. e4 exd5 8. exd5 d6 9. Qd2 Be7 10. c4 Qb6 11. Nc3 Nbd7 12. Nge2 Nh5 13. Bg5 Qd8 14. Be3 Bh4+ 15. g3 Ne5 16. Ng1 Be7 17. Be2 a6 18. a4 0-0 19. g4 Nf6 20. h3 h6 21. f4 Ng6 22. Nf3 Nh7 23. f5 Nh4 24. 0-0 Re8 25. Bf4 Nxf3+ 26. Bxf3 Bh4 27. Qh2 Ng5 28. Bxd6 Re3 29. Bg2 Qb6 30. Bf4 Rd3 31. Bxg5 Bg3 32. Qh1 Qxb2 33. Bf3 Qxc3 34. Rac1 Qd4+ 35. Kg2 hxg5 36. Kxg3 Rd2 0-1

[Event "Voronezh op"]
[Site "Voronezh"]
[Date "2005.06.12"]
[Round "1"]
[White "Zakharevich, Igor"]
[Black "Derbenev, Andrey"]
[Result "1-0"]
[WhiteElo "2505"]
[BlackElo "2310"]
[PlyCount "56"]
[EventDate "2005.06.12"]
[EventType "swiss"]
[EventRounds "9"]
[EventCountry "RUS"]
[SourceTitle "CBM 106 Extra"]
[Source "ChessBase"]
[SourceDate "2005.07.01"]
[SourceVersion "1"]
[SourceVersionDate "2005.07.01"]
[SourceQuality "1"]

1. d4 e6 2. c4 Nf6 3. Nf3 b6 4. Nc3 Bb7 5. a3 d5 6. Qc2 c5 7. cxd5 exd5 8. e4 Nxe4 9. Nxe4 dxe4 10. Bb5+ Bc6 11. Qxe4+ Qe7 12. Ne5 Bxb5 13. Qxa8 Qd6 14. Bf4 Be7 15. dxc5 bxc5 16. Rd1 Qb6 17. Nd7 Qe6+ 18. Be3 Bxd7 19. Qxb8+ Bc8 20. 0-0 0-0 21. Qc7 Re8 22. Bxc5 Bf6 23. Qa5 Qc6 24. Rfe1 Rxe1+ 25. Rxe1 Bb7 26. f3 h5 27. Qxa7 h4 28. Bd4 Bg5 1-0